=LDR 00000nam 2200000 4500 =001 INLIS000000000061711 =005 20221107011540 =035 ##$$a 0010-1122000092 =007 ta =008 221107###########################0###### =020 ##$$a 978-979-3832-32-6 =082 ##$$a 398.259 865 =084 ##$$a 398.259 865 TAU w =100 #$$a Taufik H.Aw =245 1#$$a Wadu Foto Fare : $b Cerita Rakyat Nusa Tenggara Barat /$c Taufik H.Aw =260 ##$$a Mataram :$b Mahani Pesada,$c 200 =300 ##$$a 20 halaman : $b Ilustrasi ; $c 20 cm =650 #4$$a Cerita Rakat - NTB =990 ##$$a 27182718 =990 ##$$a 538/51/2022